Soziale Strafrechtspflege in Baden: Grundlagen, Entwicklung und Arbeitsweisen der badischen Straffälligenhilfe in Geschichte und Gegenwart
Seit nahezu 170 Jahren sorgt sich in Baden vor allem der Badische Landesverband für soziale Rechtspflege mit seinen Bezirks- und Mitgliedsvereinen in meist engem Zusammenwirken mit Justiz und Justizverwaltung um die Wiedereingliederung der Straffälligen. Seine Geschichte und sein Wirken bis Anfang d...
| 1. VerfasserIn: | |
|---|---|
| Medienart: | Elektronisch Buch |
| Sprache: | Deutsch |
| Veröffentlicht: |
Freiburg (Breisgau)
edition iuscrim, Eigenverlag Max-Planck-Institut für ausländisches und internationales Strafrecht
1999
|
| In: |
Kriminologische Forschungsberichte aus dem Max-Planck-Institut für Ausländisches und Internationales Strafrecht (Band 79)
Jahr: 1999 |
| Online-Zugang: |
Volltext (kostenfrei) Volltext (kostenfrei) Volltext (kostenfrei) |
| Rechteinformation: | InC 1.0 |
| Verfügbarkeit prüfen: | HBZ Gateway |
| Schlagwörter: | |
| Parallele Ausgabe: | Nicht-Elektronisch
|
MARC
| LEADER | 00000cam a2200000 c 4500 | ||
|---|---|---|---|
| 001 | 1883579066 | ||
| 003 | DE-627 | ||
| 005 | 20241014142714.0 | ||
| 007 | cr uuu---uuuuu | ||
| 008 | 240315s1999 gw |||||om 00| ||ger c | ||
| 024 | 7 | |a urn:nbn:de:bsz:21-dspace-1520601 |2 urn | |
| 024 | 7 | |a 10.15496/publikation-93399 |2 doi | |
| 024 | 7 | |a 10900/152060 |2 hdl | |
| 035 | |a (DE-627)1883579066 | ||
| 035 | |a (DE-599)KXP1883579066 | ||
| 035 | |a (OCoLC)1428899227 | ||
| 040 | |a DE-627 |b ger |c DE-627 |e rda | ||
| 041 | |a ger | ||
| 044 | |c XA-DE | ||
| 084 | |a 2,1 |2 ssgn | ||
| 084 | |a PH 5270 |q SEPA |2 rvk |0 (DE-625)rvk/136196: | ||
| 084 | |a NZ 74045 |q SEPA |2 rvk |0 (DE-625)rvk/162953: | ||
| 084 | |a 413 |2 bwlb | ||
| 084 | |a 441 |2 bwlb | ||
| 084 | |a 571 |2 bwlb | ||
| 084 | |a 86.09 |2 bkl | ||
| 084 | |a 86.37 |2 bkl | ||
| 084 | |a 15.55 |2 bkl | ||
| 100 | 1 | |a Walz, Karl-Michael |e VerfasserIn |4 aut | |
| 245 | 1 | 0 | |a Soziale Strafrechtspflege in Baden |b Grundlagen, Entwicklung und Arbeitsweisen der badischen Straffälligenhilfe in Geschichte und Gegenwart |c Karl-Michael Walz |
| 264 | 1 | |a Freiburg (Breisgau) |b edition iuscrim, Eigenverlag Max-Planck-Institut für ausländisches und internationales Strafrecht |c 1999 | |
| 336 | |a Text |b txt |2 rdacontent | ||
| 337 | |a Computermedien |b c |2 rdamedia | ||
| 338 | |a Online-Ressource |b cr |2 rdacarrier | ||
| 490 | 1 | |a Kriminologische Forschungsberichte aus dem Max-Planck-Institut für Ausländisches und Internationales Strafrecht, Freiburg i. Br. |v Band 79 | |
| 500 | |a Literaturverzeichnis: Seite 571-587 | ||
| 502 | |b Dissertation |c Universität Freiburg (Breisgau) |d 1997 | ||
| 520 | |a Seit nahezu 170 Jahren sorgt sich in Baden vor allem der Badische Landesverband für soziale Rechtspflege mit seinen Bezirks- und Mitgliedsvereinen in meist engem Zusammenwirken mit Justiz und Justizverwaltung um die Wiedereingliederung der Straffälligen. Seine Geschichte und sein Wirken bis Anfang der achtziger Jahre dokumentieren zahlreiche Berichte und Einzelstudien. Neben einer Fortschreibung bis in die Gegenwart versucht die nunmehr vorliegende Untersuchung, auch die staatlicherseits im Oberlandesgerichtsbezirk Karlsruhe geleistete Straffälligenhilfe darzustellen und die Leitlinien der historischen Entwicklung unter vielfach veränderten politischen und gesellschaftlichen Erfahrungen und Bedingungen aufzuzeigen. Insoweit stellt der Verfasser die Geschichte der sozialen Strafrechtspflege in Baden in einen engen Zusammenhang mit dem historischen, geistesgeschichtlichen und sozialen Geschehen. Ausführliche Beachtung erfahren die vielfachen Veränderungen des materiellen und prozessualen Rechts, des Strafvollstreckungs- und Strafvollzugsrechts sowie die Gründe, die hierzu geführt haben. | ||
| 533 | |a Online-Ausgabe |b Tübingen |c FID Kriminologie |d [2024] |e 1 Online-Ressource (XVIII, 590 Seiten) |7 |2024|||||||||| | ||
| 540 | |q DE-2619 |a Urheberrechtsschutz 1.0 |2 rs |u http://rightsstatements.org/vocab/InC/1.0/ | ||
| 648 | 4 | |a 20. Jahrhundert |0 (DE-631)24503 | |
| 648 | 4 | |a Neuzeit 1800-1900 |0 (DE-631)35911 | |
| 650 | 0 | 7 | |0 (DE-588)4057788-0 |0 (DE-627)104540796 |0 (DE-576)209123710 |a Strafgefangener |2 gnd |
| 650 | 0 | 7 | |0 (DE-588)4128233-4 |0 (DE-627)105718823 |0 (DE-576)209600365 |a Resozialisierung |2 gnd |
| 650 | 0 | 7 | |0 (DE-588)4057808-2 |0 (DE-627)106149415 |0 (DE-576)20912377X |a Strafvollzug |2 gnd |
| 650 | 0 | 7 | |0 (DE-588)4018801-2 |0 (DE-627)106323946 |0 (DE-576)208926593 |a Fürsorge |2 gnd |
| 650 | 0 | 7 | |0 (DE-588)4122370-6 |0 (DE-627)105762970 |0 (DE-576)209550805 |a Straffälligenhilfe |2 gnd |
| 650 | 4 | |a Rechtsgeschichte |0 (DE-631)15302 | |
| 651 | 7 | |0 (DE-588)4069065-9 |0 (DE-627)106104403 |0 (DE-576)20917546X |a Baden |2 gnd | |
| 651 | 7 | |0 (DE-588)4004176-1 |0 (DE-627)106387154 |0 (DE-576)208854444 |a Baden-Württemberg |2 gnd | |
| 655 | 7 | |a Hochschulschrift |0 (DE-588)4113937-9 |0 (DE-627)105825778 |0 (DE-576)209480580 |2 gnd-content | |
| 751 | |a Freiburg im Breisgau |0 (DE-588)4018272-1 |0 (DE-627)106326686 |0 (DE-576)208923535 |4 uvp | ||
| 776 | 1 | |z 3861130238 | |
| 776 | 0 | 8 | |i Elektronische Reproduktion von |a Walz, Karl-Michael |t Soziale Strafrechtspflege in Baden |d Freiburg i. Br. : Ed. iuscrim, Max-Planck-Inst. für Ausländisches und Internat. Strafrecht, 1999 |h XVIII, 590 S. |w (DE-627)266178650 |w (DE-576)077781295 |z 3861130238 |k Non-Electronic |
| 810 | 2 | |a Max-Planck-Institut für Ausländisches und Internationales Strafrecht |t Kriminologische Forschungsberichte aus dem Max-Planck-Institut für Ausländisches und Internationales Strafrecht |v Band 79 |9 79 |w (DE-627)1808048822 |w (DE-600)3122902-5 |7 am | |
| 856 | 4 | 0 | |u http://hdl.handle.net/10900/152060 |x Resolving-System |x Digitalisierung |z kostenfrei |3 Volltext |7 0 |
| 856 | 4 | 0 | |u http://nbn-resolving.de/urn:nbn:de:bsz:21-dspace-1520601 |x Resolving-System |x Digitalisierung |z kostenfrei |3 Volltext |7 0 |
| 856 | 4 | 0 | |u https://doi.org/10.15496/publikation-93399 |x Resolving-System |x Digitalisierung |z kostenfrei |3 Volltext |7 0 |
| 936 | r | v | |a PH 5270 |b Vollzug der Freiheitsstrafe, Resozialisierung |k Rechtswissenschaft |k Strafrecht, Strafverfahrensrecht, Kriminologie |k Strafvollzug |k Vollzug der Freiheitsstrafe, Resozialisierung |0 (DE-627)1271677113 |0 (DE-625)rvk/136196: |0 (DE-576)201677113 |
| 936 | r | v | |a NZ 74045 |b Recht und Verwaltung |k Geschichte |k Regionale Landeskunde |k Baden-Württemberg |k Landesgeschichte regional |k Geschichte einzelner Territorien |k Baden (bis 1945) |k Geschichte Baden thematisch (epochenübergreifend) |k Recht und Verwaltung |0 (DE-627)1685786146 |0 (DE-625)rvk/162953: |
| 936 | b | k | |a 86.09 |j Rechtsgeschichte |q SEPA |0 (DE-627)106413481 |
| 936 | b | k | |a 86.37 |j Strafvollzug |q SEPA |0 (DE-627)106413546 |
| 936 | b | k | |a 15.55 |j Baden-Württemberg |x Geschichte |q SEPA |0 (DE-627)181571617 |
| 951 | |a BO | ||
| ELC | |a 1 | ||
| LOK | |0 000 xxxxxcx a22 zn 4500 | ||
| LOK | |0 001 4500601341 | ||
| LOK | |0 003 DE-627 | ||
| LOK | |0 004 1883579066 | ||
| LOK | |0 005 20240315141315 | ||
| LOK | |0 008 240315||||||||||||||||ger||||||| | ||
| LOK | |0 040 |a DE-2619 |c DE-627 |d DE-2619 | ||
| LOK | |0 092 |o n | ||
| LOK | |0 852 |a DE-2619 | ||
| LOK | |0 852 1 |9 00 | ||
| LOK | |0 939 |a 15-03-24 |b l01 | ||
| OAS | |a 1 | ||
| ORI | |a SA-MARC-krimdoka001.raw | ||
